Т. 46, № 2; Ядерная физика

Bibliografiske detaljer
Parent link:Ядерная физика=Journal of nuclear physics/ Академия наук СССР ; Государственный комитет по использованию атомной энергии СССР. Т. 46, № 2.— , 1965-.— 0044-0027
Sprog:russisk
Udgivet: 1987
Format: MixedMaterials Bog
KOHA link:https://koha.lib.tpu.ru/cgi-bin/koha/opac-detail.pl?biblionumber=393126

MARC

LEADER 00000nam2a2200000 4500
001 393126
005 20241209141454.0
035 |a (RuTPU)RU\TPU\prd\29026 
090 |a 393126 
100 |a 20041020d1965 k||y0rusy50 ca 
101 0 |a rus 
102 |a RU 
200 0 |a Т. 46, № 2 
210 |d 1987 
461 1 |0 (RuTPU)RU\TPU\prd\397  |x 0044-0027  |t Ядерная физика  |l Journal of nuclear physics  |f Академия наук СССР ; Государственный комитет по использованию атомной энергии СССР  |v Т. 46, № 2  |d 1965- 
801 1 |a RU  |b 63413507  |c 20041020  |g PSBO 
801 2 |a RU  |b 63413507  |c 20100312  |g RCR 
942 |c CR